Najlepsi zagraniczni strzelcy w historii Wisły - Statystyki

Ogólne statystyki
  • Ten quiz został rozwiązany 16 razy
  • Średni wynik to 5 z 10
Statystyki odpowiedzi
Liczba goli Kraj Zawodnik % Poprawnych
56 Hiszpania Angel Rodado
79%
24 Hiszpania Carlitos
64%
18 Nigeria Kalu Uche
64%
21 Argentyna Mauro Cantoro
50%
17 Bośnia Semir Stilic
50%
23 Czechy Zdenek Ondrasek
50%
20 Haiti Wilde Donald Guerrier
43%
26 Bułgaria Cvetan Genkov
36%
23 Hiszpania Luis Fernandez
29%
18 Słowenia Andraz Kirm
14%
Nie znaleziono quizów pasujących do podanych kryteriów
Rozkład punktacji
Procent ludzi z każdym wynikiem
Percentyl według liczby udzielonych odpowiedzi
Twoja historia wyników
Nie rozwiązałeś tego quizu